"Zakonzervovaná ilúzia večnosti" Fotograf Alexander Jiroušek nielen o knihe Košice na prelome tisícročí

Bibliographic Details
Main Author: Pardupa, Juraj (Author)
Format: Article
Language:Slovak
PhysicalDescription:2 obr.
Subjects:

MARC

LEADER 00000nab a2200000 a 4500
001 vtls000903773
003 SK-MaSNL
005 20260303171519.0
008 040720e19980320xo 0 slo
035 |a KE12730 
040 |a KEVKJB  |b slo  |c KEVKJB  |e AACR2 
041 0 |a slo 
044 |a xo  |c SK 
080 |a 77  |2 1981 
080 |a 929  |2 1981 
100 1 |a Pardupa, Juraj  |4 aut  |9 873437 
245 1 0 |a "Zakonzervovaná ilúzia večnosti"  |b Fotograf Alexander Jiroušek nielen o knihe Košice na prelome tisícročí 
300 |b 2 obr. 
590 |a Jiroušek, Alexander 1934-,  |b fotograf 
600 1 7 |a Jiroušek, Alexander,  |d 1934-2021,  |2 KEVKJB  |9 223957 
650 0 7 |a umelecká fotografia  |2 KEVKJB  |9 29370 
650 0 7 |a profily  |2 KEVKJB  |9 28648 
651 7 |a Košice (Slovensko)  |2 KEVKJB  |9 18694 
651 7 |a KE,  |2 KEVKJB  |9 877256 
655 7 |a periodikum  |2 snkbucl  |9 29553 
773 0 8 |t Košický večer  |g Roč. 9  |g Roč. 30, 20.3.1998, s. 1 
773 0 8 |i Príl.:  |t Magazín. - Roč. 3, č. 11 (1998) 
852 |a ZVYKNI  |b KIS3GCP 
999 |c 2081865  |d 2083795